| 000 | 01424nam0a22003491 4500 | ||
|---|---|---|---|
| 001 | RU\NLR\bibl\1155133 | ||
| 005 | 20250615081327.0 | ||
| 010 |
_a978-5-9524-3209-3 _95000 |
||
| 021 |
_aRU _b2007-70585 _93793 |
||
| 035 | _a(NLR Aleph) 001141911 | ||
| 090 |
_a1423070 _c1423070 |
||
| 100 | _a20071116d2007 |||y0rusy50 ca | ||
| 101 | 1 |
_arus _ceng |
|
| 102 | _aRU | ||
| 105 | _aab ||||||||| | ||
| 200 | 1 |
_aПалестина до древних евреев _fЭммануэль Анати _g[пер. с англ. А. Б. Давыдовой] |
|
| 210 |
_aМосква _cЦентрполиграф _d2007 |
||
| 215 |
_a367, [1] с., [24] л. ил. _cил., карт. _d21 |
||
| 225 | 1 | _aЗагадки древних цивилизаций | |
| 300 | _aЗагл. и авт. ориг.: Palestine before the Hebrews / Emmanuel Anati | ||
| 454 | 0 |
_12001#$aPalestine before the Hebrews _1700#1$aAnati$bE.$gEmmanuel$4070 _tPalestine before the Hebrews _aAnati, Emmanuel |
|
| 607 |
_aПалестина, историческая область _xИстория _zДревний период _91804490 _3RU\NLR\auth\66813312 |
||
| 686 | _aТ3(532)3,02 | ||
| 700 | 1 |
_aАнати _bЭ. _gЭммануэль _4070 |
|
| 801 | 0 |
_aRU _bNLR _c20071116 _gRCR |
|
| 801 | 1 |
_aRU _bNLR _c20071116 |
|
| 852 |
_aNLR _bОЛСАА-сл-спр _j2-4993 |
||
| 942 | _cBOOK | ||
| 980 | _aNB | ||
| 980 | 1 | _aSL_SPR | |